Mystery Taylor Swift Song #103 - Statistics

General Stats
  • This quiz has been taken 266 times
  • The average score is 80 of 131
Answer Stats
Song % Correct
I
95%
a
94%
you
93%
Folklore
91%
the
91%
me
90%
and
89%
be
88%
my
87%
on
87%
on"
87%
when
86%
No
85%
in
84%
to
84%
do
83%
like
83%
she
83%
your
83%
What
81%
for
80%
mad
80%
that?
80%
that
80%
women
79%
her
78%
say
78%
woman
78%
I'm
77%
know
77%
They
77%
did
75%
one
75%
too
75%
but
74%
mad woman
74%
see
74%
I'd
72%
It's
72%
think
72%
get
71%
made
70%
went
69%
likes
68%
of
68%
shame
68%
time
68%
Every
67%
from
67%
Cause
66%
nothin'
66%
will
66%
Does
65%
about
64%
back?
64%
face
64%
there's
63%
"Fuck
61%
Has
61%
more
61%
out
61%
all
60%
crazy
60%
forever"?
60%
Or
60%
sing
60%
at
59%
call
59%
come
59%
everything
58%
won't
58%
took
57%
angry
56%
fighting
56%
scorpion
56%
should
56%
you'll
56%
around
55%
home?
55%
mouth
55%
smile?
55%
find
54%
something
54%
drive
53%
kill
53%
seem
53%
'til
53%
Now
52%
sting
52%
Doing
51%
two
51%
witches
51%
always
50%
bear
49%
together
49%
work
49%
wrap
49%
claws
48%
Good
48%
hunting
48%
takin'
48%
dead
47%
people
47%
poke
47%
really
47%
brought
46%
"Move
46%
Over
46%
wanting
46%
dirtiest
45%
lawn?
45%
strike
45%
noose
44%
Watchin'
44%
climb
41%
neighbor's
41%
side
41%
master
40%
couple
39%
obvious
39%
wives
39%
each
36%
spin
36%
talk
35%
flames
32%
yacht
32%
breathe
29%
scathing
28%
flings
27%
cannons
26%
firin'
26%
No matching quizzes found
Score Distribution
Percent of People with Each Score
Percentile by Number Answered
Your Score History
You have not taken this quiz